AH International Schools' Libraries

A mother's garden of prayer / (Record no. 49887)

MARC details
000 -LEADER
fixed length control field 00978pam a2200301 a 4500
001 - CONTROL NUMBER
control field 3088986
005 - DATE AND TIME OF LATEST TRANSACTION
control field 20251209105713.0
008 - FIXED-LENGTH DATA ELEMENTS--GENERAL INFORMATION
fixed length control field 980817s1999 tnua 000 0 eng
010 ## - LIBRARY OF CONGRESS CONTROL NUMBER
LC control number 98031067
020 ## - INTERNATIONAL STANDARD BOOK NUMBER
International Standard Book Number 0805417680
020 ## - INTERNATIONAL STANDARD BOOK NUMBER
International Standard Book Number 9780805417685
035 ## - SYSTEM CONTROL NUMBER
System control number 3088986
040 ## - CATALOGING SOURCE
Original cataloging agency DLC
Transcribing agency DLC
Modifying agency DLC
050 00 - LIBRARY OF CONGRESS CALL NUMBER
Classification number BV4847
Item number .M26 1999
082 00 - DEWEY DECIMAL CLASSIFICATION NUMBER
Classification number 242/.8431
Edition number 21
100 1# - MAIN ENTRY--PERSONAL NAME
Personal name Maddox, Sarah O.,
Relator code author.
9 (RLIN) 87002
245 12 - TITLE STATEMENT
Title A mother's garden of prayer /
Statement of responsibility, etc Sarah O. Maddox & Patti Webb.
260 ## - PUBLICATION, DISTRIBUTION, ETC. (IMPRINT)
Place of publication, distribution, etc Nashville, Tenn. :
Name of publisher, distributor, etc Broadman & Holman Publishers,
Date of publication, distribution, etc c1999.
300 ## - PHYSICAL DESCRIPTION
Extent xix, 106 p. :
Other physical details col. ill. ;
Dimensions 19 cm.
650 #0 - SUBJECT ADDED ENTRY--TOPICAL TERM
Topical term or geographic name as entry element Mothers
Form subdivision Prayers and devotions.
650 #0 - SUBJECT ADDED ENTRY--TOPICAL TERM
Topical term or geographic name as entry element Grandmothers
Form subdivision Prayers and devotions.
9 (RLIN) 87003
650 #0 - SUBJECT ADDED ENTRY--TOPICAL TERM
Topical term or geographic name as entry element Children
General subdivision Religious life.
650 #0 - SUBJECT ADDED ENTRY--TOPICAL TERM
Topical term or geographic name as entry element Grandchildren
General subdivision Religious life.
9 (RLIN) 87004
655 ## - INDEX TERM--GENRE/FORM
Genre/form data or focus term Devotional literature.
Source of term lcgft
9 (RLIN) 87005
655 ## - INDEX TERM--GENRE/FORM
Genre/form data or focus term Prayers.
Source of term lcgft
9 (RLIN) 87006
700 1# - ADDED ENTRY--PERSONAL NAME
Personal name Webb, Patti,
Dates associated with a name 1940-
9 (RLIN) 87007
942 ## - ADDED ENTRY ELEMENTS (KOHA)
Source of classification or shelving scheme
Koha item type Book
Holdings
Withdrawn status Lost status Source of classification or shelving scheme Damaged status Not for loan Home library Current library Date acquired Total Checkouts Full call number Barcode Date last seen Price effective from Koha item type
          Logos International School Logos International School 12/09/2025   242.8431 MAD 100146 12/09/2025 12/09/2025 Book

For any Logos Library related questions please contact Miss Art at swongnarasuk@asianhope.org.

For any Asian Hope Library related questions please contact Miss Raza at graza@asianhope.org.

Click here to explore our ebooks!

Powered by Koha